000 00554nam a2200181Ia 4500
003 IN-BaIIA
008 211028s9999 xx 000 0 eng d
040 _cIIA Library
080 _a52-74(082.2)
_bTHE
245 4 _aThe first year of IUE
_cedited by A. J. Willis
260 _aLondon
_bUniversity College London
_c1979
300 _a[various pagings.]
650 _aAstronomy
_980
650 _aAstrophysics
_9794
650 _aUltraviolet observation
_911734
700 _aWillis, A. J., ed.
_911735
942 _cBK
999 _c6847
_d6847